Normas Fundamentales: Nuevo Reglamento Interior y Diagrama de Organización.4 de Febrero de 1980 /

Se recopilan enesta publicación leyes, reglamentos, decretos, acuerdos, con relación al campo educativo.

Đã lưu trong:
Chi tiết về thư mục
Tác giả của công ty: México. Secretaría de Educación Pública
Định dạng: Sách
Ngôn ngữ:Tiếng Tây Ban Nha
Được phát hành: México : Secretaría de Educación Pública, 1980
Những chủ đề:
Các nhãn: Thêm thẻ
Không có thẻ, Là người đầu tiên thẻ bản ghi này!

MARC

LEADER 00000nam^a2200000^a^4500
001 000022703
005 20250521000000.0
009 20260310084505.895
037 |a Acervo ITESO - Biblioteca 
041 |a ESP 
082 |a 379.  |b SEC 
110 |a México.  |b Secretaría de Educación Pública 
245 1 0 |a Normas Fundamentales: Nuevo Reglamento Interior y Diagrama de Organización.4 de Febrero de 1980 /  |c Secretaría de Educación Pública 
264 1 |a México :  |b Secretaría de Educación Pública,  |c 1980 
300 |a 147 p. 
336 |a texto  |b txt  |2 rdacontenido 
337 |a sin mediación  |b n  |2 rdamedio 
338 |a volumen  |b nc  |2 rdasoporte 
520 |a Se recopilan enesta publicación leyes, reglamentos, decretos, acuerdos, con relación al campo educativo. 
649 |a XX 
650 |a Educación -  |z México -  |x Leyes y Reglamentos 
910 |a Fondo General 
920 |a Impresos - Libros 
930 |a Colección General 
905 |a 101 
901 |a 0227030400  |b IT1  |c ACC  |i 903716  |u 20250521 
902 |a https://opac.biblio.iteso.mx/vufind/Record/000022703